000 00674nam a2200241Ia 4500
003 OSt
005 20220924122913.0
006 a|||||r|||| 00| 0
007 ta
008 220923b |||||||| |||| 00| 0 urd d
024 _a270298
037 _cTextual
040 _aARTS
_cARTS
_burd
041 _2urd
_aurd
082 _aO168,5MSN,1, H2.1
100 _aJagmohan Narayan Mushran
_9191050
245 0 _aKhutbat e mushran
260 _aLucknow
_bPd. Jagmohan Narayan Mushran India
_c1942
300 _a362p.
_ccm.
650 _aURDU LITERATURE
942 _hO168,5MSN,1, H2.1
_cTEXL
_2CC
999 _c413531
_d413531